| 000 | 01417nam a2200265 4500 | ||
|---|---|---|---|
| 001 | 0000076098 | ||
| 005 | 20250329165434.0 | ||
| 008 | 190415s2019 000 0 eng d | ||
| 040 |
_aCO-CtgCURN _bspa _ccoctgcurn |
||
| 082 | 0 |
_aENF 2019 _bM291 |
|
| 100 | 1 | _aMalambo Mendoza, Maria. | |
| 245 | 1 | 0 |
_aExperiencia de las estudiantes de enfermeria de una institucion de educacion superior frente al rol de ser madre,conyugue y trabajadora. / _cRosa Medrano Bravo; AnaHernandez Crespo; Kelly Rincon Sossa. |
| 260 |
_aCartagena de Indias : _bCorporación Universitaria Rafael Núñez, _c2019. |
||
| 504 | _aTrabajo de grado (Enfermeria). Corporación Universitaria Rafael Nuñez. Facultad de Ciencias de la salud. Enfermeria, 2019. | ||
| 520 | _aLas mujeres progresivamente adquieren mayor empoderamiento y protagonismo en la sociedad, como parte y por la realidad en que viven deben desempeñar diversos roles, entre ellos el ser estudiante, trabajadora, madre, cónyuge. | ||
| 650 | 0 |
_aEnfermeria _vTesis y disertaciones academicas. |
|
| 700 | 1 | _aMedrano Bravo, Rosa. | |
| 700 | 1 | _aMalambo Mendoza, Maria. | |
| 700 | 1 | _aHernandez Crespo, Ana. | |
| 700 | 1 | _aRincon Sossa, Kelly. | |
| 700 | 1 |
_aDel toro Rubio, Moraima _vAsesor. |
|
| 856 | 7 | _zClick aqui para ver el recurso en texto completo | |
| 942 |
_2ddc _cTG _hENF 2019 _iM291 |
||
| 999 |
_c4034 _d4034 |
||